| 000 | 01005nas a2200301 4500 | ||
|---|---|---|---|
| 001 | BR8600482 | ||
| 003 | BR-BrBNA | ||
| 005 | 20231205090325.0 | ||
| 007 | ta | ||
| 008 | 230509b bl.|||p| |||| 00| 00por d | ||
| 040 |
_aBR-BrBNA _bpor _cBiblioteca Nacional de Agricultura |
||
| 041 | _a(Pt) | ||
| 072 | _aP33; P35 | ||
| 100 | 1 | _aResende, J.M. do A. | |
| 100 | 1 | _aBraga, J.M. | |
| 100 | 1 | _aAmaral, F. de A.L. do | |
| 245 | 1 |
_aIndice de sorcao de fosforo: isotermas, capacidade tampao de sorcao de ponto unico _bParte de tese |
|
| 246 | 1 |
_aIndex of phosphorus adsorption: isotherms, maximum adsorption capacity, and the unique point of adsorption _bPart of thesis |
|
| 650 | _aFOSFORO | ||
| 650 | _aANALISE QUIMICA | ||
| 650 | _aABSORCAO | ||
| 650 | _aADSORCAO | ||
| 650 | _aDISPONIBILIDADE | ||
| 650 | _aADUBACAO | ||
| 773 | 0 |
_tRevista Ceres (Brazil) _xISSN 0034-737X _g(May-Jun 1985), v. 32(181) p. 179-195 _wBR8600482 |
|
| 909 |
_a202311 _bLúcia _c55 _dLúcia Elande |
||
| 942 |
_2AGRIS _n0 _cANA |
||
| 999 |
_c117619 _d117619 |
||